000 00847nam a2200265 i 4500
001 C2-0281652
003 PPAK
005 20180728012203.0
008 070827s2004 mau |||| ||||| | eng d
020 _a0072820373
040 _aPPAK
_beng
_cPPAK
_erda
082 0 4 _a657.00973
_223
090 0 0 _a657.00973
_bENG
_dR
100 1 _aEngstrom, John H.,
_eauthor
245 1 0 _aEssentials of accounting for governmental and not-for-profit organizationts
250 _aseventh edition
264 1 _aBoston, Massachusetts :
_bMcGraw-Hill ,
_c2004
300 _axii, 443 pages ;
_c23 cm
336 _2rdacontent
_atext
337 _2rdamedia
_aunmediated
338 _2rdacarrier
_avolume
650 1 0 _aAdministrative agencies--United States--Accounting ; Nonprofit organizations--United States--Accounting
700 _eauthor
942 _ddc
_cB
999 _c87960
_d87960